| 000 | 00452cam a22001337a 4500 | ||
|---|---|---|---|
| 008 | 180718b1949 xxu||||| |||| 00| 0 eng d | ||
| 082 | _aT4125x54 So89 | ||
| 100 | _aSovani, N.V. | ||
| 245 |
_aPost- war inflation in India- a survey _cby N.V. Sovani |
||
| 260 |
_aPoona _bGokhale Institute of Politics and Economics _c1949 |
||
| 300 | _axiv, 92p. | ||
| 650 | _aIndia --Economic conditions --1945- [from old catalog | ||
| 650 | _aInflation (Finance) --India | ||
| 999 |
_c434510 _d434510 |
||